EXPERIENCIAS DE ORGANIZACIONES CAMPESINAS/
-д хадгалсан:
| Формат: | Ном |
|---|---|
| Цуврал: | CUADERNO DE TRABAJO;
2 |
| Нөхцлүүд: | |
| Шошгууд: |
Шошго байхгүй, Энэхүү баримтыг шошголох эхний хүн болох!
|
MARC
| LEADER | 00000nam^a2200000^a^4500 | ||
|---|---|---|---|
| 001 | 000220354 | ||
| 005 | 20250521000000.0 | ||
| 009 | 20260310103844.867 | ||
| 035 | |a 039294 | ||
| 037 | |a Acervo Xavier Clavigero | ||
| 082 | |a 305. 56 |b EXP | ||
| 245 | 1 | 0 | |a EXPERIENCIAS DE ORGANIZACIONES CAMPESINAS/ |c EQUIPO PUEBLO |
| 264 | |a MEXICO : |b EQUIPO PUEBLO | ||
| 300 | |a IX, 68p. : |b il. | ||
| 336 | |a texto |b txt |2 rdacontenido | ||
| 337 | |a sin mediación |b n |2 rdamedio | ||
| 338 | |a volumen |b nc |2 rdasoporte | ||
| 440 | |a CUADERNO DE TRABAJO; |v 2 | ||
| 649 | |a XX | ||
| 650 | |a Campesinos | ||
| 650 | |a TRABAJO Y TRABAJADORES | ||
| 910 | |a Fondo General | ||
| 920 | |a Impresos - Libros | ||
| 930 | |a Colección General | ||
| 905 | |a 101 | ||
| 901 | |a 039294 |b IT1 |c ACC |i 039294 |u 20250521 | ||
| 902 | |a https://opac.biblio.iteso.mx/vufind/Record/000220354 | ||